[Event "Ch Slovenia"]
[Site "masterchessopen.com Nova Gorica (Slovenia)"]
[Round "0"]
[White "Jelen Igor (SLO)"]
[Black "Gostisa Leon (SLO)"]
[Result "0-1"]
[WhiteElo "2385"]
[BlackElo "2420"]

1.d4 Nf6 2.c4 e6 3.Nc3 Bb4 4.e3 Nc6 5.Ne2 d5 6.a3 Be7 7.Ng3 O-O 8.Bd3 e5
9.dxe5 Nxe5 10.cxd5 c6 11.e4 Nxd3+ 12.Qxd3 Be6 13.O-O cxd5 14.Bg5 dxe4 15.Qxd8
Bxd8 16.Ngxe4 Nxe4 17.Nxe4 Bb6 18.Rfd1 Rfc8 19.Nc3 h6 20.Bh4 Rc4 21.Bg3 Bd4
22.h3 Rac8 23.Rd2 Bxc3 24.bxc3 Rxc3 25.Bd6 R8c6 26.Bb4 Rb3 27.Rad1 b6 28.Rd3
a5 29.Rxb3 Bxb3 30.Rd8+ Kh7 31.Bf8 Be6 32.h4 Rc2 33.Rb8 Rb2 34.Ra8 h5 35.Be7
Kg6 36.Bd8 Rb3 37.a4 Rb1+ 38.Kh2 Rb4 39.Ra6 Rxa4 40.Rxb6 Rb4 41.Rxb4 axb4
42.Ba5 b3 43.Bc3 f6 44.Kg3 Kf5 45.f3 g5 46.Bb2 Bd5 47.Bc3 Kg6 48.Bb2 Kf5
49.Bc3 Bc4 50.Bb2 Bd3 51.Bc3 Bc2 52.Bb2 Bd1 53.Bc3 Bc2 54.Bb2 Bd3 55.Bc3 Bb5
56.Bb2 Kg6 57.Bc3 f5 58.hxg5 Kxg5 59.Bd2+ Kf6 60.Bc3+ Kg5 61.Bd2+ Kg6 62.Bc3
Bd7 63.Bb2 Kf7 64.Kh4 Kg6 65.Kg3 Kg5 66.Bc1+ Kg6 67.Bb2 Bb5 68.Bc3 Ba6 69.Bb2
Kg5 70.Bc1+ Kf6 71.Bb2+ Ke6 72.Kf4 Bf1 73.g3 Be2 74.Ke3 Bd1 75.f4 Kd5 76.Kd2
Ke4 77.Kxd1 Kf3 78.Ke1 Kxg3 79.Be5 Kg2 80.Bf6 h4 {#R} 0-1

[Event "Ch Slovenia"]
[Site "masterchessopen.com Nova Gorica (Slovenia)"]
[Round "0"]
[White "Slak Marjan (SLO)"]
[Black "Gostisa Leon (SLO)"]
[Result "0-1"]
[WhiteElo "2205"]
[BlackElo "2420"]

1.d4 Nf6 2.c4 e6 3.Nc3 Bb4 4.e3 Nc6 5.Qc2 d5 6.cxd5 exd5 7.Bd3 O-O 8.Ne2 Re8
9.Bd2 a6 10.f3 Bf8 11.a3 g6 12.O-O Bh6 13.Nd1 Qd6 14.Rc1 Bd7 15.h3 Nh5 16.f4
f5 17.Nf2 Nf6 18.Ng3 Qe7 19.Qb3 Rab8 20.Rc5 Bf8 21.Rfc1 h5 22.Nf1 Qf7 23.R5c2
Bd6 24.Nh2 Ne4 25.Nxe4 fxe4 26.Be2 Ne7 27.g4 hxg4 28.hxg4 Qh7 29.Be1 Kg7
30.Rxc7 Bc6 31.Qb6 Qh3 32.Nf1 Bxc7 33.Qxc7 Kf7 34.Bg3 Rbc8 35.Qa5 Bb5 36.Re1
Rc2 37.Kf2 Qxg4 38.Nd2 Bxe2 39.Rxe2 Rxd2 40.Rxd2 Qf3+ 41.Ke1 Qxe3+ 42.Kd1 {#R}
0-1

[Event "Ch Slovenia"]
[Site "masterchessopen.com Slovenia"]
[Round "0"]
[White "Jelen Igor (SLO)"]
[Black "Gostisa Leon (SLO)"]
[Result "0-1"]
[WhiteElo "2355"]
[BlackElo "2410"]

1.d4 Nf6 2.c4 e6 3.Nc3 Bb4 4.e3 Nc6 5.Ne2 d5 6.a3 Be7 7.Ng3 h5 8.Bd3 h4 9.Nge2
h3 10.g3 e5 11.cxd5 Nxd5 12.Nxd5 Qxd5 13.e4 Qa5+ 14.Bd2 Qb6 15.d5 Nb8 16.Nc3
Nd7 17.b4 O-O 18.Be3 Qg6 19.O-O c6 20.f4 exf4 21.e5 Qh6 22.Bxf4 g5 23.e6 fxe6
24.d6 Bf6 25.Bd2 Bd4+ 26.Kh1 Nf6 27.Bc4 b5 28.Be2 e5 29.Qc1 Qg6 30.Be3 Be6
31.Bf3 g4 32.Bxc6 Rac8 33.Bxd4 exd4 34.Qe1 Bc4 35.Ne4 Bxf1 {#R} 0-1

[Event "Ch Slovenia (qual)"]
[Site "masterchessopen.com Slovenia"]
[Round "0"]
[White "Jelen Iztok (SLO)"]
[Black "Truta Srecko (CRO)"]
[Result "1-0"]
[WhiteElo "2400"]
[BlackElo "2265"]

1.d4 Nf6 2.c4 e6 3.Nc3 Bb4 4.e3 Nc6 5.Ne2 d5 6.a3 Bf8 7.Ng3 h5 8.Bd3 h4 9.Nge2
h3 10.g3 e5 11.cxd5 Nxd5 12.Nxd5 Qxd5 13.e4 Qa5+ 14.Bd2 Qb6 15.d5 Bc5 16.dxc6
Bxf2+ 17.Kf1 Be3 18.cxb7 Bxb7 19.Qa4+ Bc6 20.Bxe3 Bxa4 21.Bxb6 axb6 22.Nc3 Bc6
23.Ke2 Ke7 24.Bc4 f5 25.Bd5 Rh6 26.exf5 Rf8 27.Bxc6 Rxc6 28.Rac1 Rc5 29.b4 Rc6
30.g4 {#r} 1-0

[Event "Ch Spain (team) (selecciones Autonomicas)"]
[Site "masterchessopen.com Gijon (Spain)"]
[Date "2011.05.01"]
[Round "5"]
[White "Paramos Dominguez Roberto (ESP)"]
[Black "Narciso Dublan Marc (ESP)"]
[Result "0-1"]
[WhiteElo "2418"]
[BlackElo "2519"]

1.d4 Nf6 2.c4 e6 3.Nc3 Bb4 4.e3 Nc6 5.Ne2 d5 6.a3 Be7 7.cxd5 exd5 8.Ng3 O-O
9.Bd3 a6 10.Nh5 g6 11.Nxf6+ Bxf6 12.Qf3 Be6 13.O-O Na5 14.b4 Nb3 15.Rb1 Nxc1
16.Rfxc1 Be7 17.Na4 b6 18.Nc3 Qd7 19.a4 c5 20.bxc5 bxc5 21.dxc5 Rfc8 22.Qe2
Rxc5 23.Bxa6 Bf6 24.Bb5 Qc7 25.Na2 Bf5 26.Rxc5 Qxc5 27.Rd1 Rc8 28.h3 Qa3
29.Rd2 h5 30.g4 hxg4 31.hxg4 Be4 32.f3 Bb1 33.Bd3 Rb8 34.Bb5 Kg7 35.Kg2 Rh8
36.Bd3 Bxa2 37.Rxa2 Qc1 38.Qf1 Qxe3 {#R} 0-1

[Event "Ch Sweden"]
[Site "masterchessopen.com Uppsala (Sweden)"]
[Round "0"]
[White "Akesson Ralf (SWE)"]
[Black "Karlsson Lars (SWE)"]
[Result "1-0"]
[WhiteElo "2425"]
[BlackElo "2550"]

1.d4 Nf6 2.c4 e6 3.Nc3 Bb4 4.e3 Nc6 5.Nf3 a6 6.Bd3 d5 7.O-O dxc4 8.Bxc4 O-O
9.h3 Bd6 10.e4 e5 11.Be3 h6 12.Re1 exd4 13.Bxd4 Nxd4 14.Qxd4 b5 15.Bb3 b4
16.Na4 Be7 17.Qe3 Bb7 18.Rad1 Qe8 19.e5 Ne4 20.Bc2 Ng5 21.Nxg5 hxg5 22.Nc5
Bxc5 23.Qxc5 a5 24.e6 fxe6 25.Rxe6 Qh5 26.Rg6 a4 27.Rd7 {#r} 1-0

[Event "Ch Switzerland (team) 2007"]
[Site "masterchessopen.com Switzerland"]
[Date "2007.02.25"]
[Round "1"]
[White "Hochstrasser Michael (SUI)"]
[Black "Flueckiger Christian (SUI)"]
[Result "1-0"]
[WhiteElo "2386"]
[BlackElo "2333"]

1.d4 Nf6 2.c4 e6 3.Nc3 Bb4 4.e3 Nc6 5.Nf3 O-O 6.Qc2 a5 7.Be2 d6 8.O-O Bxc3
9.Qxc3 Re8 10.b3 e5 11.dxe5 dxe5 12.Nd2 Bf5 13.Bb2 Qe7 14.Bf3 Qc5 15.Bxc6 Qxc6
16.Rad1 h6 17.f4 exf4 18.Rxf4 Bg6 19.Nf3 Qe6 20.Qe5 Qc6 21.Qd4 Re6 22.Ne5 Qe8
23.Rxf6 gxf6 24.Ng4 Kf8 25.Nxf6 Rxf6 26.Qxf6 Qxe3+ 27.Kh1 Qe2 28.Rd8+ Rxd8
29.Qxd8+ {#r} 1-0

[Event "Ch URS"]
[Site "masterchessopen.com Moscow (Russia)"]
[Round "0"]
[White "Geller Efim P (RUS)"]
[Black "Borisenko Georgy K (UZB)"]
[Result "0-1"]
[WhiteElo "2455"]
[BlackElo "2354"]

1.d4 Nf6 2.c4 e6 3.Nc3 Bb4 4.e3 Nc6 5.Nf3 d6 6.Be2 e5 7.O-O Bxc3 8.bxc3 O-O
9.Nd2 Re8 10.a4 e4 11.a5 Ne7 12.a6 bxa6 13.f3 exf3 14.Bxf3 Rb8 15.Ne4 Nxe4
16.Bxe4 f5 17.Bd3 Rf8 18.Ra2 Ng6 19.Raf2 Qe7 20.Qa4 c5 21.Qa5 Rb6 22.Qa2 Bd7
23.Qc2 Rbb8 24.Bxf5 Bxf5 25.Rxf5 Qe6 26.Qd3 Rxf5 27.Rxf5 cxd4 28.cxd4 Rc8
29.d5 Qd7 30.Bb2 Rxc4 31.Rf2 Qc8 32.h3 a5 33.Bd4 a6 34.Kh2 a4 35.Qa3 Qd7
36.Rb2 Ne7 37.Qd3 Rc7 38.Qxa6 h6 39.Rb6 Nf5 40.Rb8+ Kf7 41.Qf1 Kg6 42.Qd3 Kf7
43.Bb2 Rc8 44.Rb4 Kg8 45.e4 Nh4 46.e5 Qf5 47.Qxf5 Nxf5 48.exd6 Rd8 49.g4 Nxd6
50.Kg3 Ne8 51.Rb5 a3 52.Bxa3 Nf6 53.d6 Ne4+ 54.Kf4 Nxd6 55.Rd5 Rf8+ 56.Rf5 g5+
57.Ke5 Nc4+ 58.Ke6 Nxa3 59.Rxf8+ Kxf8 60.Kf6 Nb5 61.Kg6 Nd4 62.Kxh6 Nf3 63.Kg6
Ke7 64.Kf5 Kd6 {#R} 0-1

[Event "Ch URS"]
[Site "masterchessopen.com Tallinn (Estonia)"]
[Round "0"]
[White "Furman Semen (RUS)"]
[Black "Taimanov Mark E (RUS)"]
[Result "1-0"]
[WhiteElo "2550"]
[BlackElo "2386"]

1.d4 Nf6 2.c4 e6 3.Nc3 Bb4 4.e3 Nc6 5.Ne2 d5 6.a3 Bf8 7.cxd5 exd5 8.Nf4 Ne7
9.b4 Ng6 10.Nh5 c6 11.g3 Nxh5 12.Qxh5 Bd6 13.Bg2 O-O 14.O-O f5 { ?! } ( { ? }
14...Be6 ) 15.b5 Be6 16.Qd1 Nh8 17.bxc6 bxc6 18.Na4 Qe7 19.Qc2 Rfc8 20.Bb2 Nf7
21.Bc3 { ! } 21...Rab8 ( 21...Bxa3 22.Rxa3 { ! } 22...Qxa3 23.Nc5 { ? ?a1+?? }
) 22.Bb4 Bxb4 23.axb4 Rxb4 24.Nc5 Nd6 ( 24...Rc7 25.Na6 Rc4 26.Qa2 Rb7 27.Rfb1
{ P } ) ( 24...Ra8 25.Ra6 Rb6 26.Rfa1 { P } ) 25.Nxe6 Qxe6 26.Rxa7 Ne4 27.Rfa1
h6 28.R7a6 ( { ? } 28.R1a6 ) 28...Qd7 { ?! } ( 28...Rb7 29.Rc1 Rbc7 { 9 } )
29.Bh3 Kh8 30.Ra7 Qe6 31.R1a6 Qg6 { ?! } ( { ? } 31...Rbb8 ) 32.Ra8 Rxa8
33.Rxa8+ Kh7 34.Rf8 Rc4 35.Qb1 ( 35.Qxc4 { ? } 35...dxc4 36.Bxf5 Qxf5 37.Rxf5
c3 38.Ra5 c2 39.Ra1 Nc3 { ??+ } ) 35...Nd6 36.Bxf5 Nxf5 37.Qxf5 Qxf5 38.Rxf5
Kg8 39.h4 g6 40.Rf6 Kg7 41.Rd6 h5 42.Kg2 { P } 42...Rc2 43.Re6 Kf7 44.Rd6 Kg7
45.Rd7+ Kf6 46.Ra7 Ke6 47.Ra5 Kd6 48.Kf3 Rb2 49.Ra1 { ! } ( 49.Rc5 Rb8 50.Kf4
Rf8+ 51.Kg5 Rxf2 52.Kxg6 Rf3 53.Kxh5 Rxg3 { 9 } ) 49...Rb8 ( 49...Ke6 50.Rc1
Kd6 51.Rf1 Ke6 52.Kf4 Kf6 53.f3 { P } ) 50.Kf4 Rf8+ 51.Kg5 Rxf2 52.Rg1 { ! }
52...Ke6 ( 52...Rf3 53.Kxg6 Rxe3 54.Kxh5 Rd3 55.g4 Rxd4 56.g5 Ke7 57.Rf1 { +??
} ) 53.Kxg6 Rf3 54.Kxh5 Kf7 55.g4 Rxe3 56.g5 Kg7 57.Rc1 Re4 58.Rxc6 { +?? }
58...Rxd4 59.Rc7+ Kf8 60.g6 Re4 61.Kg5 d4 62.h5 Re1 63.h6 Rg1+ 64.Kf6 Rf1+
65.Ke5 {#r} 1-0

[Event "Ch URS (1 liga)"]
[Site "masterchessopen.com Kharkov (Ukraine)"]
[Round "0"]
[White "Lerner Konstantin Z (UKR)"]
[Black "Gurgenidze Bukhuti (GEO)"]
[Result "1-0"]
[WhiteElo "2510"]
[BlackElo "2455"]

1.d4 Nf6 2.c4 e6 3.Nc3 Bb4 4.e3 Nc6 5.Bd3 e5 6.Ne2 d5 7.cxd5 Nxd5 8.O-O exd4
9.exd4 O-O 10.Qc2 h6 11.a3 Be7 12.Nxd5 Qxd5 13.Be3 Bd6 14.Rfd1 Bg4 15.h3 Bxe2
16.Bxe2 Ne7 17.Bf3 Qb5 18.a4 Qb4 19.Rd3 Nf5 20.Bd2 Nxd4 21.Bxb4 Nxc2 22.Bxd6
cxd6 23.Rc1 Rac8 24.Bxb7 Nb4 25.Rdc3 Rxc3 26.Rxc3 a5 27.Rc7 Re8 28.Rd7 Re1+
29.Kh2 Re6 30.f4 g6 31.Rd8+ Kg7 32.Ra8 Nd3 33.b3 Re7 34.Bf3 Nc5 35.Bd5 Re3
36.Rxa5 Nxb3 37.Ra7 {#r} 1-0

[Event "Ch URS (1 liga)"]
[Site "masterchessopen.com Minsk (Belarus)"]
[Round "0"]
[White "Ivanov Igor V (CAN)"]
[Black "Rashkovsky Nukhim N (RUS)"]
[Result "0-1"]
[WhiteElo "2424"]
[BlackElo "2485"]

1.d4 Nf6 2.c4 e6 3.Nc3 Bb4 4.e3 Nc6 5.Bd3 e5 6.a3 Bxc3+ 7.bxc3 d6 8.Ne2 O-O
9.Ng3 Re8 10.O-O b6 11.Qc2 Ba6 12.f4 exd4 13.cxd4 d5 14.Bd2 dxc4 15.Be2 Na5
16.Bxa5 bxa5 17.Rfe1 Rxe3 18.Nf5 Re8 19.Bf3 Rb8 20.Bc6 Rxe1+ 21.Rxe1 g6
22.Ne7+ Kg7 23.Qd2 Rb3 24.d5 Qb8 25.f5 Qb6+ 26.Kh1 Rb1 27.fxg6 Rxe1+ 28.Qxe1
hxg6 29.h3 Qc5 30.Ba4 Qxa3 31.Bc2 Bb7 32.Qe5 Qc1+ {#R} 0-1

[Event "Ch URS (1/2 final)"]
[Site "masterchessopen.com Orel (Russia)"]
[Round "0"]
[White "Tukmakov Vladimir B (UKR)"]
[Black "Rashkovsky Nukhim N (RUS)"]
[Result "0-1"]
[WhiteElo "2547"]
[BlackElo "2517"]

1.d4 Nf6 2.c4 e6 3.Nc3 Bb4 4.e3 Nc6 5.Nf3 d6 6.Qc2 e5 7.d5 Bxc3+ 8.Qxc3 Ne7
9.Be2 O-O 10.O-O Ng6 11.b4 a5 12.a3 Ne4 13.Qc2 f5 14.Bb2 axb4 15.axb4 Rxa1
16.Bxa1 Ng5 17.Nd2 f4 18.exf4 Nxf4 19.Ne4 Nxe4 20.Qxe4 Qg5 21.g3 Bf5 22.Qe3
Qg6 23.Rc1 Nxe2+ 24.Qxe2 Bg4 25.Qf1 Qh5 26.Re1 Rf3 27.c5 h6 28.Rc1 Bh3 29.Rd1
Qg4 30.cxd6 cxd6 31.Qe1 Rd3 32.f4 Qf3 {#R} 0-1

[Event "Ch URS (1/2 final)"]
[Site "masterchessopen.com Perm (Russia)"]
[Round "0"]
[White "Kuzmin Gennadi P (UKR)"]
[Black "Rashkovsky Nukhim N (RUS)"]
[Result "1-0"]
[WhiteElo "2560"]
[BlackElo "2517"]

1.d4 Nf6 2.c4 e6 3.Nc3 Bb4 4.e3 Nc6 5.Ne2 d5 6.a3 Be7 7.cxd5 exd5 8.Nf4 Bf5
9.Be2 Qd7 10.Bf3 Be4 11.Bxe4 dxe4 12.Qc2 Bd6 13.Nfe2 Qg4 14.Ng3 Bxg3 15.fxg3
O-O 16.O-O Qe6 17.Bd2 Ne7 18.h3 Ned5 19.g4 Nxc3 20.bxc3 c5 21.Rf5 Rac8 22.Qb2
Qa6 23.Raf1 Qd3 24.dxc5 Nd5 25.Qxb7 Qxd2 26.Rxf7 Nc7 27.Qxc7 Qxe3+ 28.Kh2 Qxc3
29.Rxf8+ Rxf8 30.Rxf8+ Kxf8 31.Qf4+ Kg8 32.Qxe4 h6 33.c6 Qxa3 34.Qe8+ {#r} 1-0

[Event "Ch URS (qual)"]
[Site "masterchessopen.com Aktjubinsk (Kazakhstan)"]
[Round "0"]
[White "Seredenko Vladimir (KAZ)"]
[Black "Rashkovsky Nukhim N (RUS)"]
[Result "0-1"]
[WhiteElo "2343"]
[BlackElo "2410"]

1.d4 Nf6 2.c4 e6 3.Nc3 Bb4 4.e3 Nc6 5.Ne2 d5 6.a3 Be7 7.cxd5 exd5 8.Nf4 Bf5
9.Be2 Qd7 10.Bd2 g5 11.Nd3 h5 12.b4 h4 13.b5 Nd8 14.Ne5 Qe6 15.h3 Bd6 16.Ng4
Nxg4 17.hxg4 Bg6 18.Na4 Be4 19.Bf3 f5 20.Nc5 Bxc5 21.dxc5 Bxf3 22.gxf3 fxg4
23.Qa4 Qf6 24.O-O-O Qa1+ 25.Kc2 Qa2+ 26.Kc1 Ne6 27.Bb4 gxf3 28.c6 bxc6 29.b6
Qc4+ 30.Kb2 cxb6 31.Rc1 Qb5 32.Qc2 O-O-O 33.Qf5 Rd6 34.Ka1 c5 35.e4 Rf8 36.Qe5
Qd7 37.exd5 Rxd5 38.Qe3 Nd4 39.Qd3 Ne2 40.Qa6+ Qb7 {#R} 0-1

[Event "Ch URS (young masters)"]
[Site "masterchessopen.com Dubna (Russia)"]
[Round "0"]
[White "Podgaets Mikhail (UKR)"]
[Black "Gulko Boris F (USA)"]
[Result "0-1"]
[WhiteElo "2465"]
[BlackElo "2535"]

1.d4 Nf6 2.c4 e6 3.Nc3 Bb4 4.e3 Nc6 5.Ne2 d5 6.a3 Be7 7.Ng3 O-O 8.cxd5 exd5
9.Bd3 g6 10.Qc2 Re8 11.Bd2 a6 12.O-O-O b5 13.h4 b4 14.Na2 Rb8 15.Qxc6 Bd7
16.Qc2 b3 17.Qb1 bxa2 18.Qxa2 Ba4 19.Bc2 Bxc2 20.Kxc2 Ng4 21.Rdf1 Bxh4 22.Rh3
c5 23.dxc5 Bf6 24.Bc1 Qa5 25.Qxd5 Re5 26.Qd6 Rd8 27.Kb1 Rxd6 28.cxd6 Qd5 29.e4
Qd3+ 30.Ka2 Ra5 {#R} 0-1

[Event "Ch Ukraine"]
[Site "masterchessopen.com Kiev (Ukraine)"]
[Round "6"]
[White "Bannik Anatoly (GER)"]
[Black "Lewicki Sergey (UKR)"]
[Result "1-0"]
[WhiteElo "2175"]
[BlackElo "2197"]

1.d4 Nf6 2.c4 e6 3.Nc3 Bb4 4.e3 Nc6 5.Ne2 d5 6.a3 Be7 7.cxd5 exd5 8.Nf4 Bf5
9.Qb3 Na5 10.Qa2 g5 11.Nd3 Be6 12.b4 Nc6 13.Nc5 Bxc5 14.bxc5 Ne7 15.Qb1 b6
16.cxb6 axb6 17.Bd3 O-O 18.O-O Ra5 19.Bd2 g4 20.Ne2 Ra8 21.Nf4 Bc8 22.Bb4 Re8
23.Rc1 Ng6 24.Qc2 Nxf4 25.exf4 Ba6 26.Bxa6 Rxa6 27.Qxc7 Qxc7 28.Rxc7 Re4 29.g3
b5 30.Rd1 Re2 31.Rdc1 Kg7 32.R1c2 Re4 33.Rb7 Rxd4 34.Rcc7 Rd1+ 35.Kg2 Kg6
36.Rxf7 h6 37.Rfe7 Rc6 38.Rec7 Rc4 39.h3 gxh3+ 40.Kxh3 d4 41.Rg7+ Kf5 42.Rbe7
Nd5 43.Rgf7+ Kg6 44.f5+ Kh5 45.Rg7 d3 46.f6 {#r} 1-0

[Event "Ch Ukraine"]
[Site "masterchessopen.com Kiev (Ukraine)"]
[Round "5"]
[White "Nikolaevsky Yuri V (RUS)"]
[Black "Lewicki Sergey (UKR)"]
[Result "1-0"]
[WhiteElo "2315"]
[BlackElo "2197"]

1.d4 Nf6 2.c4 e6 3.Nc3 Bb4 4.e3 Nc6 5.Nf3 d6 6.Be2 e5 7.O-O O-O 8.d5 Bxc3
9.dxc6 Ba5 10.b4 e4 11.Nd4 Bb6 12.Nb3 a6 13.Qc2 bxc6 14.c5 Ba7 15.Rd1 Qe7
16.Ba3 dxc5 17.bxc5 Be6 18.Nd4 Bd5 19.Bxa6 Bb6 20.Nf5 Qe5 21.cxb6 Rxa6 22.Bxf8
cxb6 23.Ne7+ Kxf8 {#r} 1-0

[Event "Ch Ukraine (juniors) (under 14)"]
[Site "masterchessopen.com Kiev (Ukraine)"]
[Date "2004.02.07"]
[Round "4"]
[White "Mjasoedov Gleb (UKR)"]
[Black "Udovik Alexander (UKR)"]
[Result "1-0"]
[WhiteElo "2190"]
[BlackElo "2092"]

1.d4 Nf6 2.c4 e6 3.Nc3 Bb4 4.e3 Nc6 5.Ne2 e5 6.a3 Bxc3+ 7.Nxc3 e4 8.d5 Nb8
9.d6 O-O 10.Be2 a6 11.b4 cxd6 12.Qxd6 Re8 13.O-O Re6 14.Qd2 d6 15.Bb2 Nbd7
16.Qd4 Qf8 17.Bd1 b6 18.Nd5 Nxd5 19.Qxd5 Rb8 20.Bg4 Bb7 21.Qd4 Ne5 22.Bxe6
fxe6 23.c5 bxc5 24.bxc5 Bd5 25.cxd6 Nc6 26.Qc3 Rb3 27.Qc2 Qxd6 28.Rfd1 Rb6
29.Bd4 Rb8 30.Qe2 Na5 31.Qg4 g6 32.Bc3 Nb3 33.Rab1 Rc8 34.Bb4 Qe5 35.h4 a5
36.Bd6 Qxd6 37.Rxb3 Qc7 38.Rb5 Rb8 39.Rxb8+ Qxb8 40.h5 Kg7 41.Qg5 Qb2 42.Qe7+
Kh6 43.g4 Qe5 44.Kg2 {#r} 1-0

[Event "Ch Ukraine (juniors) (under 14)"]
[Site "masterchessopen.com Kiev (Ukraine)"]
[Date "2004.02.13"]
[Round "10"]
[White "Mjasoedov Gleb (UKR)"]
[Black "Borsuk Konstantin (UKR)"]
[Result "1-0"]
[WhiteElo "2190"]
[BlackElo "2152"]

1.d4 Nf6 2.c4 e6 3.Nc3 Bb4 4.e3 Nc6 5.Ne2 d5 6.a3 Be7 7.Ng3 O-O 8.Be2 Bd6 9.c5
Bxg3 10.hxg3 e5 11.dxe5 Nxe5 12.b4 Bg4 13.f3 Be6 14.Bb2 Nc6 15.Nb5 Nd7 16.Qc2
g6 17.Qc3 f6 18.Nd4 Nxd4 19.Qxd4 c6 20.Kf2 Qe7 21.Rh6 Rf7 22.Rah1 Re8 23.g4 b6
24.g5 bxc5 25.bxc5 Rb8 26.Bd3 Ne5 27.Bc2 Bf5 28.Bxf5 gxf5 29.gxf6 Rxb2+
30.Qxb2 Nd3+ 31.Ke2 Nxb2 32.fxe7 Rxe7 33.Rxc6 Nc4 34.Rc8+ Kg7 35.c6 Rxe3+
36.Kf2 Rc3 37.Rd8 Ne5 38.Rxd5 Nxc6 39.Rd7+ Kg6 40.Rc7 Rc2+ 41.Kg3 Nd4 42.Rxc2
{#r} 1-0

[Event "Ch Uzbekistan (juniors)"]
[Site "masterchessopen.com Tashkent (Uzbekistan)"]
[Date "2006.09.26"]
[Round "10"]
[White "Pak Evgeniy (KAZ)"]
[Black "Kvon Andrey (UZB)"]
[Result "0-1"]
[WhiteElo "2236"]
[BlackElo "2354"]

1.d4 Nf6 2.c4 e6 3.Nc3 Bb4 4.e3 Nc6 5.Bd3 e5 6.Ne2 d5 7.cxd5 Nxd5 8.O-O exd4
9.exd4 O-O 10.Qc2 h6 11.a3 Be7 12.Nxd5 Qxd5 13.Nf4 Qxd4 14.Rd1 Qc5 15.Qe2 Nd4
16.Qe3 Bf6 17.Bd2 Qe5 18.Bc3 c5 19.Bc4 Bg4 20.Ng6 Qxe3 21.fxe3 Bxd1 22.Nxf8
Rd8 23.exd4 Bxd4+ 24.Bxd4 Rxd4 25.Ne6 fxe6 26.Bxe6+ Kf8 27.Rc1 Ke7 28.Bc4 Kd6
29.Kf2 Ba4 30.Ke3 Rd1 31.Rc3 Bc6 32.Rc2 Rg1 33.g3 b5 34.Be2 Rg2 35.Rd2+ Ke5
36.Rd8 Rxh2 37.Rc8 Kd6 38.Rg8 c4 39.Rxg7 a5 40.Ra7 Kc5 41.Rf7 Rg2 42.Rf5+ Kb6
43.g4 Rg3+ 44.Kd4 Rb3 45.Rf6 Kc7 46.Kc5 Bd7 47.Rxh6 Rxb2 48.Bf3 c3 49.Rh1 c2
50.Rc1 Rb3 51.Be4 Rc3+ 52.Kd4 Rxa3 53.Rxc2+ Kd6 54.g5 Rg3 55.g6 a4 56.Rg2 Rxg2
57.Bxg2 a3 58.Kc3 b4+ 59.Kc2 Bf5+ 60.Kc1 Bxg6 {#R} 0-1

[Event "Ch World (blitz) (w)"]
[Site "masterchessopen.com Batumi (Georgia)"]
[Date "2012.06.05"]
[Round "10"]
[White "Khurtsidze Nino (GEO)"]
[Black "Zhao Xue (CHN)"]
[Result "0-1"]
[WhiteElo "2447"]
[BlackElo "2543"]

1.d4 Nf6 2.c4 e6 3.Nc3 Bb4 4.e3 Nc6 5.Bd3 e5 6.Ne2 O-O 7.d5 Ne7 8.a3 Bxc3+
9.Nxc3 d6 10.O-O Ng6 11.b4 Qe7 12.Qc2 Re8 13.Bb2 e4 14.Be2 Bf5 15.Nb5 Ne5
16.Nd4 Bg6 17.Qc3 h5 18.Rae1 h4 19.f4 exf3 20.Nxf3 Ne4 21.Qd4 h3 22.g3 c5
23.dxc6 bxc6 24.Nh4 Bh7 25.Nf5 Bxf5 26.Rxf5 Ng5 27.c5 Ne6 28.Qxd6 Ng6 29.Qxc6
Rad8 30.Bc3 Nef4 31.Bc4 Ne6 32.Qf3 Rf8 33.Rf1 Rd7 34.Qh5 Nef4 35.gxf4 Qxe3+
36.Kh1 Qe4+ 37.Qf3 Qxc4 38.Rg5 Rd3 39.Qe2 Qxc3 40.Rfg1 Rd2 41.Qe4 Qb2 42.Re1
Rxh2+ 43.Kg1 Qf2# 0-1

[Event "Ch World (for the Blind)"]
[Site "masterchessopen.com Belgrade (Serbia)"]
[Date "2010.08.30"]
[Round "5"]
[White "Grigorchuk Sergey (UKR)"]
[Black "Smirnov Sergei (RUS)"]
[Result "0-1"]
[WhiteElo "2246"]
[BlackElo "2309"]

1.d4 Nf6 2.c4 e6 3.Nc3 Bb4 4.e3 Nc6 5.Ne2 d5 6.a3 Be7 7.cxd5 exd5 8.g3 O-O
9.Bg2 Na5 10.O-O c6 11.e4 dxe4 12.Nxe4 Be6 13.Bf4 Bb3 14.Qd2 Bd5 15.Nxf6+ Bxf6
16.Rad1 Nc4 17.Qc1 Bxg2 18.Kxg2 Qd5+ 19.Kg1 Rfe8 20.Nc3 Qf5 21.d5 Bxc3 22.dxc6
Bxb2 23.Qxc4 bxc6 24.Qxc6 Bxa3 25.Rd5 Qe6 26.Qxe6 fxe6 27.Ra5 Bb4 28.Ra6 Bc5
29.Re1 Kf7 30.Be3 Bxe3 31.Rxe3 Re7 32.Rd3 Rb7 33.Kg2 Ke7 34.h4 Kf7 35.Rf3+ Ke7
36.Rfa3 Rd7 37.Ra2 Kf7 38.R2a3 Re7 39.h5 Ke8 40.Ra2 Kd8 41.Rd2+ Kc7 42.Rc2+
Kb7 43.Ra1 Rd8 44.Rb2+ Ka8 45.Ra6 Rde8 46.Kf3 Rb7 47.Rd2 Rb3+ 48.Ke4 Rb4+
49.Ke3 Re7 50.f4 Rb3+ 51.Rd3 Rxd3+ 52.Kxd3 Kb7 53.Rd6 Kc7 54.Ra6 Kd8 55.Ke4
Ke8 56.Ke5 Kf7 57.g4 Rb7 58.g5 Re7 59.Ra5 Rc7 60.Ra6 Rd7 61.Ra4 Rd5+ 62.Ke4 a5
63.Rc4 Rd7 64.Ra4 Ra7 65.Kd4 Ke7 66.Ke5 Ra8 {#R} 0-1

[Event "Ch World (juniors) (under 20)"]
[Site "masterchessopen.com Chennai (India)"]
[Date "2011.08.07"]
[Round "6"]
[White "Artemenko Oleg (UZB)"]
[Black "Lalith Babu M R (IND)"]
[Result "0-1"]
[WhiteElo "2327"]
[BlackElo "2495"]

1.d4 Nf6 2.c4 e6 3.Nc3 Bb4 4.e3 Nc6 5.Ne2 O-O 6.a3 Bxc3+ 7.Nxc3 d5 8.Be2 dxc4
9.Bxc4 e5 10.d5 Ne7 11.e4 Ng6 12.O-O Ne8 13.Qh5 Nd6 14.Ba2 f5 15.f4 Qe7 16.Bd2
Bd7 17.Rae1 fxe4 18.Nxe4 Nxf4 19.Rxf4 Rxf4 20.Ng5 g6 21.Qh6 Rf6 22.Bc3 Rf5
23.h4 Re8 24.Bb1 Rxg5 25.Qxg5 Qxg5 26.hxg5 Nf7 27.Re3 b6 28.Kf2 a5 29.Ke1 Kf8
30.Kd2 Bf5 31.Ba2 Nxg5 32.Rxe5 Ne4+ 33.Ke3 Nxc3 34.Rxe8+ Kxe8 35.bxc3 Ke7
36.Bc4 Kd6 37.Kd4 h5 38.g3 g5 39.Be2 h4 40.gxh4 gxh4 41.Bf3 Bh3 {#R} 0-1

[Event "Ch World (seniors)"]
[Site "masterchessopen.com Opatija (Croatia)"]
[Date "2011.11.15"]
[Round "1"]
[White "Toefferl Heimo (AUT)"]
[Black "Rashkovsky Nukhim N (RUS)"]
[Result "0-1"]
[WhiteElo "2125"]
[BlackElo "2517"]

1.d4 Nf6 2.c4 e6 3.Nc3 Bb4 4.e3 Nc6 5.Bd3 e5 6.Ne2 d5 7.cxd5 Nxd5 8.O-O exd4
9.exd4 O-O 10.Qc2 h6 11.Nxd5 Qxd5 12.Be3 Bd6 13.a3 Be6 14.Rad1 Ne7 15.Ng3 c6
16.f4 f5 17.Rfe1 Rae8 18.Bf2 Bxf4 19.Rxe6 Qxe6 20.Re1 Qd7 21.Nxf5 Nxf5 22.Rxe8
Qxe8 23.Bxf5 Be3 24.Qb3+ Kh8 25.Qxe3 Qxe3 26.Bxe3 Rxf5 27.Bd2 Kg8 28.g4 Rf3
29.Kg2 Rd3 30.Bc3 g5 {#R} 0-1

[Event "Ch World (team) (under 26)"]
[Site "masterchessopen.com Reykjavik (Iceland)"]
[Round "10"]
[White "Munoz Cezar (CHI)"]
[Black "Kolarov Atanas S (BUL)"]
[Result "0-1"]
[WhiteElo "2138"]
[BlackElo "2415"]

1.d4 Nf6 2.c4 e6 3.Nc3 Bb4 4.e3 Nc6 5.Nf3 O-O 6.Be2 Bxc3+ 7.bxc3 d6 8.O-O e5
9.Nd2 Re8 10.Qc2 exd4 11.cxd4 Nxd4 12.Qd3 Nxe2+ 13.Qxe2 b6 14.Bb2 Bb7 15.Rad1
Nd7 16.Rfe1 f6 17.Nb3 Qe7 18.f3 Qf7 19.Nd4 Ne5 20.Rc1 Qg6 21.e4 Qf7 22.Nf5 Ba6
23.Ne3 Rad8 24.Qc2 Bb7 25.Rf1 c6 26.Rfd1 d5 27.Bxe5 Rxe5 28.cxd5 cxd5 29.Nf5
Ree8 30.Qc7 Rd7 31.Qf4 Red8 32.Qg4 Kh8 33.exd5 Bxd5 34.Qa4 Qe6 35.g4 h6 36.Re1
Qf7 37.Qf4 Bxa2 38.Rc2 Be6 39.Nxh6 gxh6 40.Qxh6+ Kg8 41.g5 Rd1 42.Re2 Rxe1+
43.Rxe1 Bf5 44.Qh4 fxg5 {#R} 0-1

[Event "Ch Yugoslavia (team)"]
[Site "masterchessopen.com Cetinje (Montenegro)"]
[Round "0"]
[White "Maksimovic Suzana (SRB)"]
[Black "Misanovic Vesna (BIH)"]
[Result "1-0"]
[WhiteElo "2223"]
[BlackElo "2326"]

1.d4 Nf6 2.c4 e6 3.Nc3 Bb4 4.e3 Nc6 5.Bd3 e5 6.Ne2 d5 7.cxd5 Nxd5 8.O-O exd4
9.exd4 O-O 10.Qc2 h6 11.Nxd5 Qxd5 12.Be3 Bd6 13.a3 Re8 14.Rfd1 Bg4 15.h3 Qh5
16.hxg4 Qh2+ 17.Kf1 Qh1+ 18.Ng1 Bh2 19.Be4 Qxg1+ 20.Ke2 Nxd4+ 21.Rxd4 Qxa1
22.Rd1 Qxd1+ 23.Kxd1 Be5 24.Ke2 a5 25.b3 Rab8 26.a4 b6 27.Bd5 Rbd8 28.Bc4 Bd4
29.Qf5 Re7 30.Qd3 Rd6 31.Qf5 Rd8 32.g5 Bxe3 33.fxe3 hxg5 34.Qxg5 Rde8 35.Qf4
Rd8 36.g4 Rd6 37.Qf5 g6 38.Qg5 Re8 39.Qh6 Re5 40.Qf4 Re7 41.e4 Kg7 42.g5 f6
43.Ke3 fxg5 44.Qxg5 Re8 45.e5 c6 46.Ke4 b5 47.axb5 cxb5 48.Bxb5 Ree6 49.Bc4
Re8 50.Qe3 {#r} 1-0